书目信息 |
| 题名: |
世纪并购:美国在线时代华纳集团出世
|
|
| 作者: | 方向明 主编 | |
| 分册: | ||
| 出版信息: | 北京 生活·读书·新知三联书店 2000.04 |
|
| 页数: | 198页 | |
| 开本: | 32开 | |
| 丛书名: | ||
| 单 册: | ||
| 中图分类: | F279.712 | |
| 科图分类: | ||
| 主题词: | 企业经济 | |
| 电子资源: | ||
| ISBN: | 7-108-01440-8 | |
| 000 | 00625nam0 2200193 45 | |
| 001 | 0012111632 | |
| 005 | 20001211162126.9 | |
| 010 | @a7-108-01440-8@d15.00元 | |
| 100 | @a20001211d2000 km y0chiy0120 ea | |
| 101 | 0 | @achi |
| 105 | @a z 000yy | |
| 200 | 1 | @a世纪并购:美国在线时代华纳集团出世@AShi Ji Bing Gou:Mei Guo Zai Xian Shi Dai Hua Na Ji Tuan Chu Shi@f方向明主编@FFang Xiang Ming Zhu Bian |
| 210 | @a北京@c生活·读书·新知三联书店@d2000.04 | |
| 215 | @a198页@d32开 | |
| 606 | 0 | @a企业经济 |
| 690 | @aF279.712@v3 | |
| 701 | 0 | @a方向明@4主编 |
| 801 | @aCN@bPftUser@c20001211 | |
| 905 | @b305989-991@dF279.712@eF542@f3 | |
| 世纪并购:美国在线时代华纳集团出世/方向明主编.-北京:生活·读书·新知三联书店,2000.04 |
| 198页;32开 |
| ISBN 7-108-01440-8:15.00元 |
| ● |
| 相关链接 |
|
|
|
正题名:世纪并购:美国在线时代华纳集团出世
索取号:F279.712/F542
 
预约/预借
| 序号 | 登录号 | 条形码 | 馆藏地/架位号 | 状态 | 备注 |
| 1 | 305989 | 203059894 | 社科库409/409社科库 102排1列3层/ [索取号:F279.712/F542] | 在馆 | |
| 2 | 305990 | 203059901 | 社科库409/409社科库 102排1列3层/ [索取号:F279.712/F542] | 在馆 | |
| 3 | 305991 | 203059910 | 社科库409/409社科库 102排1列3层/ [索取号:F279.712/F542] | 在馆 |